La filiación y sus efectos: la filiación, su determinación, acciones judiciales, la filiación adoptiva, efectos de la filiación, sucesión intestada y asignaciones forzosas, otras reformas de las leyes N§19.585 y N§19.620

Guardat en:
Dades bibliogràfiques
Autor principal: Abeliuk Manasevich, René (Autor)
Format: Llibre
Idioma:espanyol
Publicat: Santiago Jurídica de Chile 2000
Matèries:
Etiquetes: Afegir etiqueta
Sense etiquetes, Sigues el primer a etiquetar aquest registre!

MARC

LEADER 00000nam a2200000 a 4500
001 UCO7744
003 CL-VaPUC
008 001117e20000000CL |||||||||||||||||spa|d
082 0 4 |a 346.015  |b ABE  |2 21 
100 0 |a Abeliuk Manasevich, René  |e author  |9 452448 
245 1 3 |a La filiación y sus efectos: la filiación, su determinación, acciones judiciales, la filiación adoptiva, efectos de la filiación, sucesión intestada y asignaciones forzosas, otras reformas de las leyes N§19.585 y N§19.620 
300 |a v 
942 |c BK 
945 |d 20001117 00:00:00  |a vberengu 
260 |a Santiago  |b Jurídica de Chile  |c 2000 
500 |a v.1: La filiación 
500 |a v.2: Derechos sucesorios 
650 0 |a Acervos imaginarios  |9 451047 
650 0 |a Adopción  |9 255783 
650 0 |a Asignaciones forzosas  |9 389276 
650 0 |a Derecho sucesorio  |9 255015 
650 0 |a Filiación  |9 256647 
650 0 |a Maternidad  |9 335758 
650 0 |a Peternidad  |9 254922 
650 0 |a Patria potestad  |9 369365 
650 7 |a RELACIONES PADRES-HIJOS  |2 CL-VaPUC  |9 308185 
650 7 |a SUCESION INTESTADA  |2 CL-VaPUC  |9 390876 
650 0 |a Testamento  |9 258220 
583 |a last modification  |c 20001117 00:00:00  |k Rodrigo Vera 
999 |c 292625  |d 292623 
952 |0 0  |1 0  |4 0  |6 346_015000000000000_ABE_2000  |7 0  |8 A  |9 343621  |a BIBDER  |b BIBDER  |d 2019-11-20  |h v.1  |i 3669769  |l 1  |o 346.015 ABE 2000  |p 3669769  |r 2025-03-31  |s 2025-01-30  |w 2019-11-20  |y BK  |k DER 
952 |0 0  |1 0  |4 0  |6 346_015000000000000_ABE_2000  |7 0  |8 A  |9 343622  |a BIBDER  |b BIBDER  |d 2019-11-20  |h v.2  |i 3669777  |o 346.015 ABE 2000  |p 3669777  |r 2023-01-25  |w 2019-11-20  |y BK  |k DER 
952 |0 0  |1 0  |4 0  |6 346_015000000000000_ABE_2000  |7 0  |8 A  |9 343623  |a BIBDER  |b BIBDER  |d 2019-11-20  |h v.1  |i 375720K  |l 1  |o 346.015 ABE 2000  |p 375720K  |r 2023-01-25  |s 2021-07-15  |w 2019-11-20  |y BK  |k DER 
952 |0 0  |1 0  |4 0  |6 346_015000000000000_ABE_2000  |7 0  |8 A  |9 343624  |a BIBDER  |b BIBDER  |d 2019-11-20  |h v.1  |i 3757196  |o 346.015 ABE 2000  |p 3757196  |r 2023-01-25  |w 2019-11-20  |y BK  |k DER 
952 |0 0  |1 0  |4 0  |6 346_015000000000000_ABE_2000  |7 0  |8 A  |9 343625  |a BIBDER  |b BIBDER  |d 2019-11-20  |h v.2  |i 3757218  |l 1  |o 346.015 ABE 2000  |p 3757218  |r 2023-01-25  |s 2021-07-15  |w 2019-11-20  |y BK  |k DER 
952 |0 0  |1 0  |4 0  |6 346_015000000000000_ABE_2000  |7 0  |8 A  |9 343626  |a BIBDER  |b BIBDER  |d 2019-11-20  |h v.1  |i 3789284  |l 1  |m 1  |o 346.015 ABE 2000  |p 3789284  |r 2025-04-10  |s 2025-03-27  |w 2019-11-20  |y BK  |k DER 
952 |0 0  |1 0  |4 0  |6 346_015000000000000_ABE_2000  |7 0  |8 A  |9 343627  |a BIBDER  |b BIBDER  |d 2019-11-20  |h v.1  |i 3789276  |l 1  |o 346.015 ABE 2000  |p 3789276  |r 2023-01-25  |s 2022-11-07  |w 2019-11-20  |y BK  |k DER 
952 |0 0  |1 0  |4 0  |6 346_015000000000000_ABE_2000  |7 0  |8 A  |9 343628  |a BIBDER  |b BIBDER  |d 2019-11-20  |h v.2  |i 3789292  |o 346.015 ABE 2000  |p 3789292  |r 2023-01-25  |w 2019-11-20  |y BK  |k DER 
952 |0 0  |1 0  |4 0  |6 346_015000000000000_ABE_2000  |7 0  |8 A  |9 343629  |a BIBDER  |b BIBDER  |d 2019-11-20  |h v.2  |i 3789306  |l 1  |o 346.015 ABE 2000  |p 3789306  |r 2025-03-31  |s 2025-01-30  |w 2019-11-20  |y BK  |k DER 
952 |0 0  |1 0  |4 0  |6 346_015000000000000_ABE_2000  |7 0  |8 A  |9 343630  |a BIBGIM  |b BIBGIM  |d 2019-11-20  |h v.1  |i 3914615  |o 346.015 ABE 2000  |p 3914615  |r 2025-01-15  |w 2019-11-20  |y BK  |k SSL 
952 |0 0  |1 0  |4 0  |6 346_015000000000000_ABE_2000  |7 0  |8 A  |9 343631  |a BIBGIM  |b BIBGIM  |d 2019-11-20  |h v.2  |i 3914623  |o 346.015 ABE 2000  |p 3914623  |r 2025-01-15  |w 2019-11-20  |y BK  |k SSL